00565cam a22001812 4500001001100000005001700011008004100028020002800069040001500097050002400112100003500136245008100171250001200252260003400264300001800298650003500316700003200351000000015820151021151039.0070111s xx 000 0 eng d a8181472063 :cKES 2,900 aKABUcKABU 0aTK5105.5b.P48 20031 aPeterson, Larry L.@000014821510aComputer networks :ba system approach /cLarry Peterson and Bruce S. Davie. a3rd ed. aNew Delhi :bElsevier,c2003. axxvii, 813 p. 0aComputer networks.@00001482141 aDavie, Bruce S.@0000148216